| 000 | 00581nam a2200181 i 4500 | ||
|---|---|---|---|
| 001 | 140837 | ||
| 003 | ES-MaACL | ||
| 005 | 20250702063104.0 | ||
| 007 | t| | ||
| 008 | 070917s1906 sp ||||1| spa d | ||
| 100 | 1 |
_aWilde, Oscar, _d1854-1900 _9241147 |
|
| 245 | 1 | 0 |
_aNoveletes / _cOscar Wilde ; traduides directament de l'anglès per Manuel de Montoliu. |
| 260 |
_aBarcelona : _b[s.n.], _c1906 ( _fFidel Giró) |
||
| 300 |
_a291 p. ; _c19 cm. |
||
| 700 | 0 |
_aMontoliu, Manuel de, _d1877-1961 _982679 |
|
| 852 |
_aES-MaACL _jC-19739 _bR.47318 |
||
| 999 |
_c140837 _d140837 |
||